000
00209nam a22000857a 4500
008
170110b xxu||||| |||| 00| 0 eng d
100
_9
2299
_a
Dey.S.
245
_a
Business Studies-XII
260
_a
New Delhi
_b
GPH
_c
2011
999
_c
5204
_d
5204